• 首页
  • 本馆介绍
  • 公告通知
  • 最新文献
  • 馆藏检索
  • 电子资源
  • 读者导购
  • 参考咨询
  • 我的图书馆
  • 登录
  • 详细信息显示
  • 放入我的书架
  • 预约/预借图书
  • 作者相关作品
  • 分类相关作品
  • 丛书相关作品
  • 出版社相关作品

书目信息

  • 表格格式
  • 工作单格式
  • 卡片格式
题名:
动物解剖及组织胚胎学彩色实验教程
    
 
作者: 董玉兰 主编
分册:  
出版信息: 北京   中国农业大学出版社  2018
页数: 201页
开本: 26cm
丛书名:
单 册:
中图分类: Q954.5-33 , Q954.4-33
科图分类:
主题词: 动物解剖学--实验--教材 , 动物胚胎学--实验--教材
电子资源:
ISBN: 978-7-5655-1918-5
000 01053nam0 2200277 450
001 012001001423
005 20140108102705.0
010    @a978-7-5655-1918-5@dCNY70.00
100    @a20181114d2018 em y0chiy50 ea
101 0  @achi
102    @aCN@b110000
105    @aa az 000yy
106    @ar
200 1  @a动物解剖及组织胚胎学彩色实验教程@Adong wu jie pou ji zu zhi pei tai xue cai se shi yan jiao cheng@f董玉兰主编
210    @a北京@c中国农业大学出版社@d2018
215    @a201页@c彩图@d26cm
307    @a实际页数为:202
320    @a有书目(第202页)
330    @a本书分为解剖学部分、组织胚胎学部分和附录三部分。该书按照国内多数高校的培养目标和课程教学方案,将解剖学及组织胚胎学核心内容进行凝练、集中,力求涵盖所有重点教学内容,同时精心选用了清晰、真实的彩色图片262幅,标注翔实,增强了指导性和参考性。
606 0  @a动物解剖学@x实验@j教材
606 0  @a动物胚胎学@x实验@j教材
690    @aQ954.5-33@v5
690    @aQ954.4-33@v5
701  0 @a董玉兰@Adong yu lan@4主编
801  0 @aCN@b北京卓展@c20191020
905    @b1201880-3@dQ954.5-33@e248@f4
    
    动物解剖及组织胚胎学彩色实验教程/董玉兰主编.-北京:中国农业大学出版社,2018
    201页:彩图;26cm
    
    
    ISBN 978-7-5655-1918-5:CNY70.00
    本书分为解剖学部分、组织胚胎学部分和附录三部分。该书按照国内多数高校的培养目标和课程教学方案,将解剖学及组织胚胎学核心内容进行凝练、集中,力求涵盖所有重点教学内容,同时精心选用了清晰、真实的彩色图片262幅,标注翔实,增强了指导性和参考性。
●
相关链接 在E读中查询图书 在五车中查询图书 在当当中查询图书 在豆瓣中查询图书


正题名:动物解剖及组织胚胎学彩色实验教程     索取号:Q954.5-33/248         预约/预借

序号 登录号 条形码 馆藏地/架位号 状态 备注
1 1201880   212018804   第二样本阅览室/ [索取号:Q954.5-33/248] 在馆    
2 1201881   212018813   第三借阅区/ [索取号:Q954.5-33/248] 在馆    
3 1201882   212018822   第三借阅区/ [索取号:Q954.5-33/248] 在馆    
4 1201883   212018831   第三借阅区/ [索取号:Q954.5-33/248] 在馆    
唐山师范学院图书馆 欢迎您!
大连网信软件有限公司© 版权所有